Software quality: (Record no. 16277)

MARC details
000 -LEADER
fixed length control field 01039nam a2200289 a 4500
005 - DATE AND TIME OF LATEST TRANSACTION
control field 20080820131943.0
008 - FIXED-LENGTH DATA ELEMENTS--GENERAL INFORMATION
fixed length control field 060418s2006 caua |s 001 0 eng d
010 ## - LCCN (DPL NO)
LC control number ENG-91159
020 ## - INTERNATIONAL STANDARD BOOK NUMBER
International Standard Book Number 9780070248731
Terms of availability 495.00
020 ## - INTERNATIONAL STANDARD BOOK NUMBER
International Standard Book Number 0070248737
035 ## - SYSTEM CONTROL NUMBER
System control number EN-74692
037 ## - SOURCE OF ACQUISITION
Source of stock number/acquisition DBAD / PUB
040 ## - CATALOGING SOURCE
Original cataloging agency dpl
Language of cataloging English
082 ## - DEWEY DECIMAL CLASSIFICATION NUMBER
Classification number 005.10685
100 ## - MAIN ENTRY--PERSONAL NAME
Personal name Malik, Kamna
245 ## - TITLE STATEMENT
Title Software quality:
Statement of responsibility, etc by Kamna Malik [and] Praveen Choudhary
Remainder of title a practitioner's approach /
260 ## - PUBLICATION, DISTRIBUTION, ETC. (IMPRINT)
Place of publication, distribution, etc New Delhi
Name of publisher, distributor, etc Tata McGraw-Hill Publishing
Date of publication, distribution, etc 2008
270 ## - ADDRESS
Address 7 West Patel Nagar,
City New Delhi
Postal code 110008
300 ## - PHYSICAL DESCRIPTION
Extent xv, 212p.
Dimensions 26cm (Hb)
500 ## - GENERAL NOTE
General note Includes index.
650 ## - SUBJECT ADDED ENTRY--TOPICAL TERM
Topical term or geographic name as entry element Computer software
General subdivision Quality control.
700 ## - ADDED ENTRY--PERSONAL NAME
Personal name Choudhary, Praveen
710 ## - ADDED ENTRY--CORPORATE NAME
Corporate name or jurisdiction name as entry element Books24x7, Inc.
942 ## - ADDED ENTRY ELEMENTS (KOHA)
Source of classification or shelving scheme Dewey Decimal Classification
Item type English Books
Call number suffix MAL
Classification part 005.10685
Holdings
Withdrawn status Lost status Source of classification or shelving scheme Damaged status Not for loan Collection code Home library Current library Date acquired Source of acquisition Cost, normal purchase price Total Checkouts Full call number Barcode Date last seen Copy number Cost, replacement price Koha item type
    Dewey Decimal Classification   Not For Loan Non-fiction D.B.Act.Division D.B.Act.Division 06/10/2008 DBAD / PUB 495.00   005.10685 MAL EN-74692 06/10/2008 1 495.00 English Books

© Delhi Public Library
Hit Counter
free hit counter